00585nam a22001697a 450000500170000001000560001702000260007303500260009903700250012508200100015024500730016026000520023327000680028530000250035370000170037870000200039520230317124024.0 aENG-136369 B-746077-80 E.N.A./7.11.22 a9789354614200c695.00 aB-746077-80 EN-119901 bAstral International a660.6 aHandbook Of Biotechnology/cEdited by Saif Hameed and Zeeshan Fatima aNew DelhibAstral International Pvt. Ltd.c2022 a4736/23,Ansari Road, DaryaganjbNew Delhie110002k011-43549197 axvi,551p.c22cm(pbk) aHameed, Saif aFatima, Zeeshan